Windows A-Z Quiz (Architecture) - Statistics

General Stats
  • This quiz has been taken 11 times
  • The average score is 9 of 26
Answer Stats
Letter Hint Answer % Correct
G Transparent material Glass
91%
Y In stained glass window making, a 'Silver Stain' would make glass this color Yellow
82%
C Hangs above windows, internally Curtains
73%
P A window often has multiple of these Panes
73%
Q Hard crystalline mineral composed of silica, used to make glass Quartz
73%
E This building has 6,514 windows and 102 storeys Empire State Building
64%
D Type of windows used to improve insulation Double-glazed
55%
B Multi-panelled window that protrudes from the building Bay window
45%
F These have traditionally been made of wood Frames
45%
H Type of window resembling bee cell Hexagonal window
45%
U Special type of PVC uPVC
45%
S Type of window built into a roof structure Skylight
36%
X What wood is, biologically, as something that transports water from the roots to the leaves Xylem
36%
K Gas used between panes of double-glazed windows to improve insulation Krypton
27%
M Vertical element that forms a division between units of a window Mullion
27%
N Old language the word window derives from Norse
27%
R Circular window found in Gothic cathedrals Rose window
27%
L Tall, narrow window with sharp arch at its top Lancet window
18%
T Type of efficiency pertinent to window design Thermal efficency
18%
V Popular type of window covering Venetian blinds
18%
I Main purpose of windows Illumination
9%
O Similar to B, but it doesn't reach ground Oriel window
9%
A Soft rock used for windows during Early Middle Ages Alabaster
0%
J Another name for louvered window Jalousie window
0%
W Type of window placed in the gable-end of a house and rotated 45 degrees Witch window
0%
Z German town with a Glass Queen, known for glass making Zwiesel
0%
No matching quizzes found
Score Distribution
Percent of People with Each Score
Percentile by Number Answered
Your Score History
You have not taken this quiz